The Mon Quiz Stats

 Plays Quiz Updated Aug 6, 2018

Score 0/18 Timer 04:00
0 Plays Today
Clue Guess % Correct
An eyeglass for one eyeMonocle
80.9%
A part of a drama in which a single actor speaks aloneMonologue
80.7%
Animal of strange or terrifying shape...like Charlize TheronMonster
79.3%
A vehicle traveling on a single trackMonorail
77.6%
Absolute sovereignty by a single personMonarchy
72.8%
Seasonal wind of the Indian Ocean and southern AsiaMonsoon
72.2%
A commodity controlled by one partyMonopoly
69.2%
The practice of having a single mate during a period of timeMonogamy
68.9%
A painting, drawing, or photograph in a single hueMonochrome
68.1%
Clue Guess % Correct
Tedious samenessMonotony
66%
A house for persons under religious vowsMonastery
65.3%
Ferretlike carnivore noted for its ability to kill cobras and other venomous snakes.Mongoose
64.4%
A nonhuman primate mammal...like Davy JonesMonkey
57.2%
Single great stone often in the form of an obelisk or columnMonolith
45.1%
Composite picture made by combining several separate picturesMontage
42.6%
A person's name, especially a nickname or alias.Moniker
36.1%
A cathode-ray tube used for displayMonitor
30%
French title of honor given to princes, bishops, and other persons of eminenceMonseigneur
22.4%

You're not logged in!

Compare scores with friends on all Sporcle quizzes.
OR
Log In

Sporcle TV

Today on Sporcle TV


Watch our educational content, quiz creation guides, and fun videos on Sporcle TV.

Show Comments

Extras

Top Quizzes Today


Score Distribution

Your Account Isn't Verified!

In order to create a playlist on Sporcle, you need to verify the email address you used during registration. Go to your Sporcle Settings to finish the process.

Report this User

Report this user for behavior that violates our Community Guidelines.

Details: